00457 a2200169 450000100060000002000190000604000240002510000250004924000220007424500170009630000060011336200090011965000310012894200070015995201040016699900170027046811 a97885784805509 cAnchieta - Aquarius aBrant, Luiz Caldeira10aQuem sou eu?lpor10aQuem sou eu? a 0 a2010 4aLiteratura infanto-juvenil cBK 00104070a87.1b87.1d2023-11-21l0o028.5 BRA QUEp4958/AQUr2023-11-21 15:13:30w2023-11-21yBK c46811d46811